000 01160nam a22002897a 4500
005 20170530112349.0
010 _a1617EN B-650745-748 ENG-116840
020 _a9788131520345
_c895.00
035 _aB-650745-748
035 _aEN-100372
035 _aB-667470
037 _adpl
_bBSB
082 _a658.8
245 _aMKTG :
_cby Lamb, Charles W ...[et al]
_ba South-Asian perspective /
246 _bPrinciples of marketing : a South-Asian perspective /
260 _aDelhi
_bCengage Learning
_c2016
270 _a418,F.I.E.Patparganj
_b Delhi
_e110092
_l-
_m-
300 _axvii,671p.:
_c27cm(pbk)
_bill
500 _aIncludes index
700 _aLamb,Charles W.
700 _aHair,Joseph F.
700 _aSharma,Dheeraj
700 _aMcdaniel, Carl
942 _2ddc
_cEN
_mMKT
_h658.8
999 _c101913
_d101913